| 000 | 00855nam a2200205 i 4500 | ||
|---|---|---|---|
| 001 | 24581 | ||
| 003 | ES-MaACL | ||
| 005 | 20230906153056.0 | ||
| 007 | t| | ||
| 008 | 021218s1982 sp ||||1| spa d | ||
| 110 | 2 |
_aUniversidad de Murcia. _bBiblioteca. _97230 |
|
| 245 | 1 | 0 |
_aCatálogo de revistas y publicaciones periódicas de la Biblioteca General de la Universidad de Murcia / _cMaría del Carmen Aparicio Fernández, Pilar Egea Krauel. |
| 260 |
_aMurcia : _bUniversidad, _c1982] |
||
| 300 |
_a242 p. ; _c29 cm. |
||
| 610 | 2 | 4 |
_aUniversidad de Murcia. _bBiblioteca General- _vCatálogos. _9158901 |
| 650 | 4 |
_aPublicaciones periódicas- _zUniversidad de Murcia. Biblioteca General- _vCatálogos. _9158902 |
|
| 700 | 0 |
_aAparicio Fernández, María del Carmen. _922063 |
|
| 700 | 1 |
_aEgea Krauel, Pilar. _9158903 |
|
| 852 |
_aES-MaACL _jL-2071 _bR.103121 |
||
| 999 |
_c24581 _d24581 |
||